| 000 | 00407nam a22001817a 4500 | ||
|---|---|---|---|
| 003 | MPLRDC | ||
| 005 | 20220104181627.0 | ||
| 008 | 210129b ||||| |||| 00| 0 eng d | ||
| 082 | _a524.947 PEL-2 1997 | ||
| 100 | _a不详 | ||
| 245 |
_aMATEMATIK SPM _c |
||
| 250 | _a初版 | ||
| 260 |
_a _bPELANGI _c1997 |
||
| 300 | _b平 | ||
| 490 | _aSIRI ANALISIS | ||
| 650 | _a | ||
| 942 |
_cBK _o524.947 PEL-2 1997 |
||
| 999 |
_c61546 _d61536 |
||